00345nam a22001217a 4500003000400000082001700004100001800021245012000039260003500159300000800194650001300202653000800215SGT a615.05bF22A aATTRI, KAVITA aFormulation and Evaluation of Transdermal Drug Delivery System For Safe And Effective Treatment of Airway Disorders aGURUGRAMbSGT UNIVERSITYc2022 a100 aPHARMACY aPHD